Statistics for 1960s Catchphrases Quiz

Click here to take the quiz!

General Stats

  • This quiz has been taken 82,175 times
    (42,915 since last reset)
  • The average score is 11 of 18

Answer Stats

Catchphrase % Correct
Make {love}, not war
99%
Flower {power}
89%
Give peace a {chance}
87%
Live long and {prosper}
87%
{Yabba} Dabba Doo!
85%
{Shaken}, not stirred
84%
Float like a {butterfly}, sting like a bee
84%
{Houston}, we have lift-off
81%
Mrs. Robinson, you're trying to {seduce} me
71%
Different strokes for {different} {folks}
68%
Far {out}
64%
Don't {trust} anyone over 30
56%
Hell, no. We {won}'{t} {go}
53%
{Danger}, Will Robinson
36%
Turn on, tune in, {drop} {out}
23%
{Black} is beautiful
17%
Very interesting... but {stupid}
14%
Visualize {world} {peace}
12%

Score Distribution

Percentile by Number Answered

Percent of People with Each Score

Your Score History

You have not taken this quiz since the last reset